TOP 10 des célébrités françaises les plus riches - Statistiques

Statistiques générales
  • Ce quiz a été pris 52 fois
  • Le résultat moyen est 3 sur 10
Statistiques - réponses
TOP Fortune Célébrités % Correct
2 170 Millions Kyllian Mbappe
50%
1 200 Millions Gérard Depardieu
45%
4 75 Millions Tony Parker
35%
5 70 Millions Zinedine Zidane
35%
3 150 Millions Vanessa Paradis
28%
7 60 Millions Thierry Henry
23%
10 45 Millions David Guetta
18%
8 56 Millions Franck Ribéry
10%
9 50 Millions Arsène Wenger
5%
6 68 Millions Thomas Bangalter
3%
Aucun quiz correspondant
Distribution des résultats
% des personnes avec chaque résultat
Percentile par nombre de réponses
Votre historique - résultats
Vous n’avez pas pris ce quiz